[Event "Olympiad-44"]
[Site "Chennai"]
[Date "2022.07.29"]
[Round "1.3"]
[White "Mohamad, Ervan"]
[Black "Nissinen, Niilo Man"]
[Result "1/2-1/2"]
[WhiteElo "2402"]
[BlackElo "1693"]
[PlyCount "109"]
[EventDate "2022.07.29"]
[EventType "team-swiss"]
[EventRounds "11"]
[EventCountry "IND"]
[SourceTitle "CBM 210"]
[Source "ChessBase"]
[SourceDate "2022.10.31"]
[SourceVersion "1"]
[SourceVersionDate "2022.10.31"]
[SourceQuality "1"]
[WhiteTeam "Indonesia"]
[BlackTeam "Hong Kong"]
[WhiteTeamCountry "INA"]
[BlackTeamCountry "HKG"]

1. e4 c5 2. Nf3 Nc6 3. d4 cxd4 4. Nxd4 Nf6 5. Nc3 e5 6. Ndb5 d6 7. Na3 Bg4 8. f3 Be6 9. Bg5 Be7 10. Nc4 0-0 11. Bxf6 Bxf6 12. Qxd6 Bh4+ 13. g3 Qf6 14. Qd1 Qh6 15. Kf2 Rad8 16. Nd5 f5 17. Kg2 fxe4 18. fxe4 Qg6 19. Bd3 Bg4 20. Qe1 Bf3+ 21. Kg1 Rd7 22. Nce3 Nd4 23. c3 Ne6 24. Nf5 Bd8 25. Qe3 Ng5 26. h4 Bxe4 27. hxg5 Bxd3 28. Qxd3 Qxf5 29. Qxf5 Rxf5 30. Rd1 Rdf7 31. g6 hxg6 32. Rh2 Bg5 33. Re2 Rf3 34. Kg2 e4 35. Rd4 e3 36. Nf4 Rf2+ 37. Rxf2 exf2 38. Kxf2 Bf6 39. Rd5 g5 40. Ne6 Bxc3+ 41. Kg2 Bf6 42. Nxg5 Rc7 43. Ne4 Rc2+ 44. Kf3 Bxb2 45. Rd7 Be5 46. Re7 Bd4 47. Ng5 Kf8 48. Rxb7 Rc6 49. Ke4 Bb6 50. Ke5 Rg6 51. Ne6+ Kg8 52. Rb8+ Kf7 53. Rb7+ Kg8 54. Rb8+ Kf7 55. Rb7+ 1/2-1/2

[Event "SEA Games 31st"]
[Site "Ha Long"]
[Date "2022.05.14"]
[Round "7"]
[White "Quizon, Daniel"]
[Black "Mohamad, Ervan"]
[Result "1/2-1/2"]
[WhiteElo "2384"]
[BlackElo "2367"]
[PlyCount "124"]
[EventDate "2022.05.10"]
[EventType "swiss"]
[EventRounds "9"]
[EventCountry "VIE"]
[SourceTitle "CBM 208 Extra"]
[Source "ChessBase"]
[SourceDate "2022.07.31"]
[SourceVersion "1"]
[SourceVersionDate "2022.07.31"]
[SourceQuality "1"]

1. d4 Nf6 2. Bg5 d5 3. Nf3 Ne4 4. Bf4 Bf5 5. e3 e6 6. Bd3 Nd7 7. Bxe4 Bxe4 8. Nbd2 Bg6 9. 0-0 Bd6 10. Bg3 Bxg3 11. hxg3 0-0 12. Re1 c5 13. c4 cxd4 14. exd4 dxc4 15. Nxc4 Rc8 16. Rc1 Nf6 17. Qa4 Be4 18. Nce5 Bxf3 19. Rxc8 Qxc8 20. gxf3 a6 21. Nd3 h5 22. Rc1 Qd8 23. Kg2 Nd5 24. Rh1 g6 25. Ne5 Qb6 26. Qc2 Qxd4 27. Nxg6 fxg6 28. Qxg6+ Qg7 29. Qxe6+ Qf7 30. Qxf7+ Rxf7 31. Rxh5 Nb4 32. Ra5 Nd3 33. f4 Nxb2 34. f5 b5 35. Rxa6 Rxf5 36. f4 Kf7 37. Kf3 Rc5 38. g4 Rc3+ 39. Ke4 Rc4+ 40. Kf5 Nd3 41. Rf6+ Kg7 42. Kg5 Nf2 43. Rb6 b4 44. Rb7+ Kf8 45. Rb8+ Ke7 46. Rb7+ Kd6 47. Rh7 Rc2 48. Rb7 Rc4 49. Rh7 Rc5+ 50. Kh4 Ra5 51. Rb7 Nd3 52. f5 Kc6 53. Rb8 Kc7 54. f6 Nf4 55. Rxb4 Ng6+ 56. Kg3 Rxa2 57. g5 Kd7 58. Kg4 Ke6 59. Rb6+ Kf7 60. Rb7+ Kf8 61. Rb8+ Kf7 62. Rb7+ Kf8 1/2-1/2

[Event "Sitges Sunway op 8th"]
[Site "Sitges"]
[Date "2021.12.14"]
[Round "2"]
[White "Mohamad, Ervan"]
[Black "Sethuraman, SP."]
[Result "0-1"]
[WhiteElo "2356"]
[BlackElo "2613"]
[PlyCount "90"]
[EventDate "2021.12.13"]
[EventType "swiss"]
[EventRounds "10"]
[EventCountry "ESP"]
[SourceTitle "CBM 205 Extra"]
[Source "ChessBase"]
[SourceDate "2022.01.31"]
[SourceVersion "1"]
[SourceVersionDate "2022.01.31"]
[SourceQuality "1"]

1. e4 c5 2. Nf3 d6 3. d4 cxd4 4. Nxd4 Nf6 5. Nc3 a6 6. Be3 e5 7. Nb3 Be7 8. h3 h6 9. f4 Nbd7 10. Qf3 b5 11. 0-0-0 Bb7 12. Kb1 Qc7 13. g4 b4 14. Nd5 Nxd5 15. exd5 Nf6 16. Bg2 e4 17. Qe2 0-0 18. Bc1 Rfe8 19. Nd2 Nxd5 20. Nxe4 Rab8 21. Qd3 Nc3+ 22. bxc3 bxc3 23. Ka1 Bxe4 24. Bxe4 Qb6 25. Ba3 Qa5 26. Bxd6 Bxd6 27. Qxd6 Rbd8 28. Qc6 Rc8 29. Qb7 Rc7 30. Qb3 Rxe4 31. Rd5 Qb4 32. f5 a5 33. Rd3 Kh7 34. Rhd1 Qe7 35. Qd5 Re2 36. Qb3 a4 37. Qxa4 Ra7 38. Qb3 Rb7 39. Qxc3 Rc7 40. Qa3 Qe4 41. c3 Rb7 42. Rd8 Qc6 43. R8d4 Ra7 44. Qb3 Rexa2+ 45. Kb1 Qg2 0-1

[Event "Online Olym Div Top-A"]
[Site "Chess.com INT"]
[Date "2021.09.10"]
[Round "7.3"]
[White "Miron, Lucian Costin"]
[Black "Mohamad, Ervan"]
[Result "1/2-1/2"]
[WhiteElo "2512"]
[BlackElo "2356"]
[PlyCount "133"]
[EventDate "2021.09.08"]
[EventType "team (rapid)"]
[EventRounds "9"]
[EventCountry "USA"]
[SourceTitle "CBM 204 Extra"]
[Source "ChessBase"]
[SourceDate "2021.11.30"]
[SourceVersion "1"]
[SourceVersionDate "2021.11.30"]
[SourceQuality "1"]
[WhiteTeam "Romania"]
[BlackTeam "Indonesia"]
[WhiteTeamCountry "ROU"]
[BlackTeamCountry "INA"]

1. e4 e6 2. d4 d5 3. Nc3 dxe4 4. Nxe4 Nd7 5. Nf3 Ngf6 6. Bg5 Be7 7. Bxf6 Nxf6 8. Bd3 Nxe4 9. Bxe4 c5 10. Qe2 Qa5+ 11. c3 cxd4 12. Nxd4 0-0 13. Nb3 Qb6 14. 0-0-0 a5 15. Bc2 a4 16. Nd4 a3 17. b3 Ra5 18. f4 Bf6 19. g4 Rd5 20. Qe4 g6 21. Ne2 Rfd8 22. h3 Bd7 23. c4 Bb2+ 24. Kb1 Rxd1+ 25. Rxd1 Bc6 26. Rxd8+ Qxd8 27. Qd3 Qh4 28. Qg3 Qf6 29. g5 Qd8 30. Qd3 Qb6 31. Qg3 Qb4 32. Qg1 Qd2 33. Qd1 Qe3 34. Qd8+ Kg7 35. Qd3 Qf2 36. b4 Bf3 37. Bd1 Qf1 38. Kc2 Qg2 39. Kb3 Be4 40. Qe3 Qh1 41. Nc3 Bc6 42. Qd4+ Kf8 43. Qd8+ Be8 44. Qd4 Bxc3 45. Kxc3 Qxh3+ 46. Qd3 Qxd3+ 47. Kxd3 f6 48. Bf3 b6 49. Kd4 Ke7 50. c5 bxc5+ 51. Kxc5 e5 52. fxe5 fxg5 53. b5 Bxb5 54. Kxb5 Ke6 55. Kb4 h5 56. Kxa3 g4 57. Bb7 Kxe5 58. Kb2 h4 59. Kc2 g3 60. Kd2 g5 61. Ke2 Kd4 62. Kf3 Kc5 63. Kg4 Kb4 64. Bg2 Ka3 65. Kxg5 Kxa2 66. Kxh4 Ka3 67. Kxg3 1/2-1/2

[Event "Online Olym Div2 A"]
[Site "Chess.com INT"]
[Date "2021.09.04"]
[Round "7.2"]
[White "Antonios, Johnny"]
[Black "Mohamad, Ervan"]
[Result "0-1"]
[WhiteElo "2257"]
[BlackElo "2356"]
[PlyCount "74"]
[EventDate "2021.09.02"]
[EventType "team (rapid)"]
[EventRounds "9"]
[EventCountry "USA"]
[SourceTitle "CBM 204 Extra"]
[Source "ChessBase"]
[SourceDate "2021.11.30"]
[SourceVersion "1"]
[SourceVersionDate "2021.11.30"]
[SourceQuality "1"]
[WhiteTeam "Lebanon"]
[BlackTeam "Indonesia"]
[WhiteTeamCountry "LBN"]
[BlackTeamCountry "INA"]

1. e4 c5 2. Nf3 d6 3. d4 cxd4 4. Nxd4 Nf6 5. Nc3 a6 6. h3 e6 7. g4 d5 8. exd5 Nxd5 9. Ne4 Be7 10. Bg2 Qc7 11. Qf3 Bd7 12. 0-0 Nc6 13. Nb3 0-0 14. c4 Ne5 15. Qg3 Nxc4 16. Qxc7 Nxc7 17. Nec5 Bc6 18. Nxb7 Bxg2 19. Kxg2 a5 20. Bf4 Nd5 21. Bg3 a4 22. N3c5 Rfc8 23. b4 Nxb4 24. Rac1 Nb6 25. a3 N4d5 26. Rfd1 h6 27. Kf1 Rc6 28. Nd3 Rxc1 29. Rxc1 Bxa3 30. Ra1 Be7 31. Bd6 Bf6 32. Ra2 Nc3 33. Rc2 a3 34. Nb4 a2 35. Nxa2 Rxa2 36. Rxa2 Nxa2 37. Nc5 Nc3 0-1

[Event "Sheikh Kamal Online Inv"]
[Site "Tornelo INT"]
[Date "2021.08.27"]
[Round "1"]
[White "Mohamad, Ervan"]
[Black "Tan, Jun Ying"]
[Result "1-0"]
[WhiteElo "2356"]
[BlackElo "2151"]
[PlyCount "157"]
[EventDate "2021.08.27"]
[EventType "tourn (rapid)"]
[EventRounds "9"]
[EventCountry "BAN"]
[SourceTitle "CBM 204 Extra"]
[Source "ChessBase"]
[SourceDate "2021.11.30"]
[SourceVersion "1"]
[SourceVersionDate "2021.11.30"]
[SourceQuality "1"]

1. e4 c5 2. Nf3 Nc6 3. d4 cxd4 4. Nxd4 Nf6 5. Nc3 d6 6. Bc4 e6 7. Be3 a6 8. Qe2 Qc7 9. 0-0-0 Na5 10. Bd3 b5 11. g4 b4 12. Nb1 Bb7 13. Nd2 d5 14. f3 Bd6 15. g5 Nh5 16. exd5 Bxd5 17. Be4 0-0 18. N4b3 Nf4 19. Bxf4 Bxf4 20. Bxd5 exd5 21. Nxa5 Qxa5 22. Kb1 Bxg5 23. Nb3 Qc7 24. Rxd5 Bf6 25. Nc5 Qc6 26. Rhd1 Rfe8 27. Qd3 a5 28. Nd7 Be7 29. f4 a4 30. f5 f6 31. Qb5 Qc7 32. Nb6 Rab8 33. Qc4 Qxc4 34. Nxc4 Rbd8 35. b3 Rxd5 36. Rxd5 a3 37. Kc1 g6 38. Kd2 gxf5 39. Rxf5 Rd8+ 40. Ke2 Kf7 41. Rb5 Rg8 42. Ne3 Rg6 43. Kf3 Rh6 44. Kg2 Rg6+ 45. Kf3 Ke6 46. Rb6+ Ke5 47. Rb5+ Ke6 48. Nd5 Rg5 49. Nf4+ Kd7 50. Rb7+ Ke8 51. Nd3 Rh5 52. Nxb4 Rxh2 53. Nd5 Bd8 54. Ne3 h5 55. b4 h4 56. b5 Rh1 57. Nf5 h3 58. Ng7+ Kf8 59. Ne6+ Ke8 60. Rb8 Rd1 61. Rxd8+ Rxd8 62. Nxd8 Kxd8 63. Kg3 Kc7 64. Kxh3 Kb6 65. c4 Kc5 66. Kg3 Kxc4 67. b6 Kc3 68. b7 Kb2 69. b8Q+ Kxa2 70. Qb4 f5 71. Kf4 Ka1 72. Qxa3+ Kb1 73. Qc3 Ka2 74. Kxf5 Kb1 75. Qd2 Ka1 76. Ke4 Kb1 77. Kd3 Ka1 78. Kc3 Kb1 79. Qb2# 1-0

[Event "Asian Hybrid"]
[Site "Tornelo INT"]
[Date "2021.05.28"]
[Round "8"]
[White "Mousavi, Seyed Khalil"]
[Black "Mohamad, Ervan"]
[Result "0-1"]
[WhiteElo "2510"]
[BlackElo "2356"]
[PlyCount "86"]
[EventDate "2021.05.21"]
[EventType "swiss"]
[EventRounds "9"]
[EventCountry "NET"]
[SourceTitle "CBM 202 Extra"]
[Source "ChessBase"]
[SourceDate "2021.07.31"]
[SourceVersion "1"]
[SourceVersionDate "2021.07.31"]
[SourceQuality "1"]

1. c4 e6 2. Nc3 d5 3. d4 c6 4. e4 dxe4 5. Nxe4 Bb4+ 6. Nc3 c5 7. Nf3 Nf6 8. Qb3 Nc6 9. dxc5 Ne4 10. Qc2 Qa5 11. Qxe4 Bxc3+ 12. Nd2 f5 13. Qb1 Bf6 14. Bd3 Ne5 15. Be2 Qxc5 16. 0-0 0-0 17. Nb3 Qc7 18. Qc2 Nc6 19. Be3 a5 20. Rad1 a4 21. Nd4 Nxd4 22. Bxd4 e5 23. Bc3 Be6 24. Bb4 Rfc8 25. Bd6 Qf7 26. b3 b5 27. c5 axb3 28. axb3 b4 29. c6 Bxb3 30. Qc5 Kh8 31. Ra1 Rxa1 32. Rxa1 e4 33. Ra5 Be6 34. c7 b3 35. Ba6 b2 36. Rb5 Bb3 37. h3 b1Q+ 38. Kh2 Qc4 39. Bxc8 Qcf1 40. Bxf5 Qg1+ 41. Kg3 Qd3+ 42. Qe3 Qxd6+ 43. Qf4 Bh4+ 0-1

[Event "Asian Hybrid"]
[Site "Tornelo INT"]
[Date "2021.05.22"]
[Round "2"]
[White "Mohamad, Ervan"]
[Black "Sindarov, Javokhir"]
[Result "0-1"]
[WhiteElo "2356"]
[BlackElo "2544"]
[PlyCount "100"]
[EventDate "2021.05.21"]
[EventType "swiss"]
[EventRounds "9"]
[EventCountry "NET"]
[SourceTitle "CBM 202 Extra"]
[Source "ChessBase"]
[SourceDate "2021.07.31"]
[SourceVersion "1"]
[SourceVersionDate "2021.07.31"]
[SourceQuality "1"]

1. e4 c5 2. Nf3 Nc6 3. d4 cxd4 4. Nxd4 g6 5. c4 Nf6 6. Nc3 d6 7. Be2 Nxd4 8. Qxd4 Bg7 9. Be3 0-0 10. Qd2 Be6 11. 0-0 Qa5 12. Rad1 Rfc8 13. b3 a6 14. a3 b5 15. b4 Qc7 16. c5 dxc5 17. bxc5 Rd8 18. Qc1 Bb3 19. Rxd8+ Rxd8 20. f3 Qa5 21. Bd2 Qc7 22. Be3 Nd7 23. Kh1 Rc8 24. Qb1 Bxc3 25. Qxb3 Bg7 26. Rc1 Qc6 27. Kg1 e6 28. Qb4 Bf8 29. a4 bxa4 30. Qa5 Bxc5 31. Kf1 Qd6 32. Qxa6 Qxa6 33. Bxa6 Ra8 34. Bxc5 Nxc5 35. Bc4 a3 36. Ba2 Nd3 37. Ra1 Rc8 38. Ke2 Rc1 39. Bb1 Nc5 40. Rxa3 Rxb1 41. Ra2 Kg7 42. Rc2 Na4 43. Rc4 Rb2+ 44. Kf1 Nb6 45. Rc5 Kf6 46. h3 Nd7 47. Rc7 Ne5 48. h4 Nd3 49. Kg1 Nf4 50. g4 h6 0-1

[Event "Zonal 3.3 Online"]
[Site "Tornelo INT"]
[Date "2021.05.06"]
[Round "6"]
[White "Mohamad, Ervan"]
[Black "Siddharth, Jagadeesh"]
[Result "1-0"]
[WhiteElo "2356"]
[BlackElo "2331"]
[PlyCount "99"]
[EventDate "2021.05.01"]
[EventType "swiss"]
[EventRounds "9"]
[EventCountry "PHI"]
[SourceTitle "CBM 202 Extra"]
[Source "ChessBase"]
[SourceDate "2021.07.31"]
[SourceVersion "1"]
[SourceVersionDate "2021.07.31"]
[SourceQuality "1"]

1. e4 e5 2. Nf3 Nf6 3. Nxe5 d6 4. Nf3 Nxe4 5. d4 d5 6. Bd3 Bd6 7. 0-0 0-0 8. c4 c6 9. Re1 Bf5 10. Nc3 Nxc3 11. bxc3 Bxd3 12. Qxd3 dxc4 13. Qxc4 Nd7 14. Rb1 Qc7 15. Qb3 b6 16. c4 c5 17. d5 Rfe8 18. Bb2 Ne5 19. g3 Re7 20. Nxe5 Bxe5 21. Bxe5 Rxe5 22. Re3 Rae8 23. Rbe1 h6 24. Rxe5 Rxe5 25. Rxe5 Qxe5 26. Qe3 Qxe3 27. fxe3 Kf8 28. Kf2 Ke7 29. Kf3 f5 30. a4 a6 31. Kf4 Kf6 32. e4 g5+ 33. Ke3 Ke5 34. exf5 Kxf5 35. g4+ Ke5 36. Kd3 b5 37. cxb5 axb5 38. axb5 Kxd5 39. Kc3 Ke5 40. Kc4 Kd6 41. h3 Kc7 42. Kxc5 Kb7 43. b6 Kb8 44. Kc6 Kc8 45. b7+ Kb8 46. Kb6 h5 47. gxh5 g4 48. h6 g3 49. h7 g2 50. h8Q# 1-0

[Event "Zonal 3.3 Online"]
[Site "Tornelo INT"]
[Date "2021.05.05"]
[Round "5"]
[White "Concio, Michael Jr"]
[Black "Mohamad, Ervan"]
[Result "1/2-1/2"]
[WhiteElo "2297"]
[BlackElo "2356"]
[PlyCount "32"]
[EventDate "2021.05.01"]
[EventType "swiss"]
[EventRounds "9"]
[EventCountry "PHI"]
[SourceTitle "CBM 202 Extra"]
[Source "ChessBase"]
[SourceDate "2021.07.31"]
[SourceVersion "1"]
[SourceVersionDate "2021.07.31"]
[SourceQuality "1"]

1. e4 e5 2. Nf3 Nc6 3. Bc4 Bc5 4. d3 Nf6 5. 0-0 d6 6. h3 a6 7. a3 0-0 8. Nc3 Be6 9. Nd5 h6 10. Be3 Ba7 11. Bxa7 Rxa7 12. Ne3 Bxc4 13. Nxc4 Ra8 14. Qd2 Nh5 15. Ne3 Nf4 16. Kh2 d5 1/2-1/2

[Event "Asian Continental op 17th"]
[Site "Makati"]
[Date "2018.12.16"]
[Round "7"]
[White "Chen, Qi B"]
[Black "Mohamad, Ervan"]
[Result "1/2-1/2"]
[WhiteElo "2437"]
[BlackElo "2357"]
[PlyCount "143"]
[EventDate "2018.12.10"]
[EventType "swiss"]
[EventRounds "9"]
[EventCountry "PHI"]
[SourceTitle "CBM 187 Extra"]
[Source "ChessBase"]
[SourceDate "2018.11.04"]
[SourceVersion "1"]
[SourceVersionDate "2018.11.04"]
[SourceQuality "1"]

1. e4 c5 2. Nf3 d6 3. d4 cxd4 4. Nxd4 Nf6 5. Nc3 a6 6. h3 e6 7. g4 d5 8. exd5 Nxd5 9. Nde2 Bb4 10. Bg2 0-0 11. 0-0 Nxc3 12. Nxc3 Qc7 13. Qd4 Nc6 14. Bxc6 Bxc3 15. Qxc3 bxc6 16. Be3 e5 17. Bc5 Rd8 18. Rad1 Be6 19. Qe3 Rd5 20. b3 f6 21. c4 Rxd1 22. Rxd1 Rd8 23. Re1 Re8 24. Kg2 Qc8 25. Kh2 Bf7 26. Bb6 h5 27. g5 f5 28. Ba5 f4 29. Qe4 Re6 30. Qd3 Bg6 31. Qd8+ Qxd8 32. Bxd8 e4 33. Bc7 e3 34. Bxf4 exf2 35. Rf1 Re2 36. Bg3 Rxa2 37. Rxf2 Ra3 38. Rb2 Ra1 39. Kg2 Rd1 40. h4 Rd3 41. Kh2 Be4 42. Be5 Kf7 43. b4 g6 44. b5 cxb5 45. cxb5 Ke6 46. Bc7 axb5 47. Rxb5 Rd2+ 48. Kg3 Rd3+ 49. Kh2 Rd2+ 50. Kg3 Bc6 51. Rb4 Rg2+ 52. Kh3 Rc2 53. Bb8 Rc3+ 54. Kh2 Kd5 55. Ba7 Rc2+ 56. Kg3 Rc3+ 57. Kh2 Bd7 58. Bf2 Bf5 59. Kg2 Bh3+ 60. Kh2 Bf1 61. Rf4 Bd3 62. Rf3 Ke4 63. Kg3 Rb3 64. Re3+ Kd5 65. Rf3 Kc4 66. Kf4 Rb5 67. Re3 Rf5+ 68. Kg3 Rd5 69. Kf4 Bf5 70. Re5 Rd2 71. Kg3 Rd3+ 72. Re3 1/2-1/2

[Event "Asian Continental op 17th"]
[Site "Makati"]
[Date "2018.12.14"]
[Round "5"]
[White "Concio, Michael Jr"]
[Black "Mohamad, Ervan"]
[Result "0-1"]
[WhiteElo "1991"]
[BlackElo "2357"]
[PlyCount "70"]
[EventDate "2018.12.10"]
[EventType "swiss"]
[EventRounds "9"]
[EventCountry "PHI"]
[SourceTitle "CBM 187 Extra"]
[Source "ChessBase"]
[SourceDate "2018.11.04"]
[SourceVersion "1"]
[SourceVersionDate "2018.11.04"]
[SourceQuality "1"]

1. e4 c5 2. Nc3 e6 3. Nge2 a6 4. g3 b5 5. Bg2 Bb7 6. 0-0 Nf6 7. d3 d5 8. exd5 Nxd5 9. Nxd5 Bxd5 10. Bxd5 Qxd5 11. d4 Nc6 12. dxc5 Qxd1 13. Rxd1 Bxc5 14. Bf4 Ke7 15. Rd2 Rhd8 16. Rad1 Rxd2 17. Bxd2 f6 18. Bc3 Rc8 19. Kg2 e5 20. f4 b4 21. Be1 Ke6 22. c3 bxc3 23. Bxc3 Nb4 24. fxe5 fxe5 25. Re1 Kd5 26. Rd1+ Ke4 27. Nc1 Nc2 28. Rd7 Ne3+ 29. Kf2 Nd5+ 30. Ke2 Nxc3+ 31. bxc3 Be3 32. Nb3 Rxc3 33. Nd2+ Bxd2 34. Rxd2 g5 35. Kf2 h5 0-1

[Event "Asian Continental op 17th"]
[Site "Makati"]
[Date "2018.12.11"]
[Round "2"]
[White "Mohamad, Ervan"]
[Black "Wang, Hao"]
[Result "1-0"]
[WhiteElo "2357"]
[BlackElo "2730"]
[PlyCount "73"]
[EventDate "2018.12.10"]
[EventType "swiss"]
[EventRounds "9"]
[EventCountry "PHI"]
[SourceTitle "CBM 187 Extra"]
[Source "ChessBase"]
[SourceDate "2018.11.04"]
[SourceVersion "1"]
[SourceVersionDate "2018.11.04"]
[SourceQuality "1"]

1. c4 e5 2. g3 Nf6 3. Bg2 d5 4. cxd5 Nxd5 5. Nf3 Nc6 6. 0-0 Nb6 7. Nc3 Be7 8. Rb1 f6 9. a3 0-0 10. b4 Be6 11. b5 Nd4 12. e3 Nxf3+ 13. Bxf3 Bc4 14. Re1 Bd3 15. Bxb7 Rb8 16. Be4 Bxb1 17. Qb3+ Kh8 18. Qxb1 Bd6 19. Rf1 Qd7 20. Bf5 Qf7 21. a4 Nc8 22. Qc2 Ne7 23. Bd3 f5 24. Ne2 Qh5 25. f4 Nd5 26. Bb2 Nb4 27. Qc3 Nxd3 28. Qxd3 Rbd8 29. Qc4 exf4 30. gxf4 Be7 31. Rf2 Rd7 32. Qe6 Rfd8 33. Bxg7+ Kxg7 34. Rg2+ Qg6 35. Nd4 Bc5 36. Rxg6+ hxg6 37. Qe5+ 1-0

[Event "Asian Continental op 17th"]
[Site "Makati"]
[Date "2018.12.10"]
[Round "1"]
[White "Tabatabaei, Mohammad Amin"]
[Black "Mohamad, Ervan"]
[Result "1/2-1/2"]
[WhiteElo "2587"]
[BlackElo "2357"]
[PlyCount "47"]
[EventDate "2018.12.10"]
[EventType "swiss"]
[EventRounds "9"]
[EventCountry "PHI"]
[SourceTitle "CBM 187 Extra"]
[Source "ChessBase"]
[SourceDate "2018.11.04"]
[SourceVersion "1"]
[SourceVersionDate "2018.11.04"]
[SourceQuality "1"]

1. d4 Nf6 2. c4 e6 3. Nf3 b6 4. a3 Bb7 5. Nc3 Ne4 6. Nxe4 Bxe4 7. Bf4 Be7 8. e3 0-0 9. Bd3 Bxd3 10. Qxd3 d6 11. h3 c5 12. 0-0 Nd7 13. Bh2 cxd4 14. Nxd4 Ne5 15. Qe2 Rc8 16. Rac1 Nc6 17. Nb5 a6 18. Nc3 Qc7 19. Rfd1 Rfd8 20. Ne4 Ne5 21. Qh5 f6 22. Bg3 Qb7 23. Nd2 b5 24. Qe2 1/2-1/2

[Event "Johor op 4th"]
[Site "Johor"]
[Date "2017.12.15"]
[Round "8"]
[White "Mohamad, Ervan"]
[Black "Gandhi, Anish"]
[Result "0-1"]
[WhiteElo "2375"]
[BlackElo "2128"]
[PlyCount "37"]
[EventDate "2017.12.11"]
[EventType "swiss"]
[EventRounds "9"]
[EventCountry "MAS"]
[SourceTitle "EXT 2019"]
[Source "ChessBase"]
[SourceDate "2018.10.10"]
[SourceVersion "1"]
[SourceVersionDate "2018.10.10"]
[SourceQuality "1"]

1. e4 c5 2. Nf3 d6 3. d4 cxd4 4. Nxd4 Nf6 5. Nc3 a6 6. Be3 e5 7. Nb3 Be6 8. Qf3 Be7 9. h3 b5 10. g4 b4 11. Nd5 Nxd5 12. exd5 Bc8 13. Bd3 Nd7 14. a3 bxa3 15. Rxa3 Bg5 16. Bxg5 Qxg5 17. h4 Qf6 18. Qxf6 Nxf6 19. g5 0-1